| 000 | 00752nam a2200217 a 4500 | ||
|---|---|---|---|
| 001 | 13838 | ||
| 003 | BD-JhCC | ||
| 005 | 20240422092233.0 | ||
| 008 | 240422b1986 ii |||| | a| 000 0 b d | ||
| 035 | _a(BD-JhCC)13838 | ||
| 040 |
_aBD-JhCC _dBD-JhCC |
||
| 041 | _aBengali | ||
| 082 |
_a891.443 _bCHO1986 |
||
| 100 | _aচট্টোপাধ্যায়, বঙ্কিমচন্দ্র | ||
| 245 |
_aবঙ্কিম রচনাবলী: _bউপন্যাস সমগ্র / _cবঙ্কিমচন্দ্র চট্টোপাধ্যায় । |
||
| 260 |
_aকলকাতা: _bফটো প্রসেস; _c1986. |
||
| 300 |
_a911 p. : _c22 cm. |
||
| 650 | _aBengali Novel | ||
| 942 |
_2ddc _cBK |
||
| 999 |
_c13838 _d13838 |
||